Most Common Words In English Starting With J - Statistics

General Stats
  • This quiz has been taken 2,414 times
  • The average score is 13 of 23
Answer Stats
Word % Correct
just
91%
joke
75%
jump
73%
job
71%
jail
69%
jet
69%
Jew
69%
join
69%
joy
68%
justice
66%
jury
63%
judge
61%
juice
59%
joint
51%
Jewish
47%
journey
45%
justify
45%
judgement
43%
jacket
38%
Japanese
37%
journal
36%
journalist
31%
junior
27%
No matching quizzes found
Score Distribution
Percent of People with Each Score
Percentile by Number Answered
Your Score History
You have not taken this quiz